Lil Uzi Vert Charting Songs (Billboard Hot Rap / R&B) - Statistics

General Stats
  • This quiz has been taken 21 times
    13 since last reset
  • The average score is 22 of 101
Answer Stats
Album Weeks On Peak Artist(s) Song % Correct
Culture 26 Weeks #1 Migos ft. Lil Uzi Vert Bad and Boujee
90%
LUV Is Rage 2 2 Weeks #39 Lil Uzi Vert X
80%
Pluto x Baby Pluto 20 Weeks #10 Future & Lil Uzi Vert Drankin N Smokin
60%
Lil Uzi Vert vs. The World 23 Weeks #15 Lil Uzi Vert Money Longer
60%
PTSD 6 Weeks #19 G Herbo ft. Chance The Rapper, Juice WRLD & Lil Uzi Vert PTSD
60%
LUV Is Rage 2 23 Weeks #11 Lil Uzi Vert ft. Nicki Minaj & Oh Wonder The Way Life Goes
60%
Eternal Atake 4 Weeks #4 Lil Uzi Vert Baby Pluto
50%
Eternal Atake 10 Weeks #2 Lil Uzi Vert Futsal Shuffle 2020
50%
Eternal Atake 2 Weeks #14 Lil Uzi Vert Homecoming
50%
Call Me If You Get Lost 2 Weeks #14 Tyler, The Creator ft. Lil Uzi Vert & Pharrell Williams JUGGERNAUT
50%
Lil Uzi Vert vs. The World 2 10 Weeks #7 Lil Uzi Vert Myron
50%
Die Lit 4 Weeks #25 Playboi Carti ft. Lil Uzi Vert Shoota
50%
Playboi Carti 20 Weeks #32 Playboi Carti ft. Lil Uzi Vert Wokeuplikethis*
50%
LUV Is Rage 2 26 Weeks #5 Lil Uzi Vert XO TOUR Llif3
50%
The Pink Tape 18 Weeks #5 Lil Uzi Vert Just Wanna Rock
40%
Eternal Atake 4 Weeks #6 Lil Uzi Vert Lo Mein
40%
Eternal Atake 7 Weeks #9 Lil Uzi Vert P2
40%
Eternal Atake 1 Week #17 Lil Uzi Vert POP
40%
Lil Uzi Vert vs. the World 1 Week #50 Lil Uzi Vert Ps and Qs
40%
Eternal Atake 2 Weeks #7 Lil Uzi Vert Silly Watch
40%
Eternal Atake 12 Weeks #11 Lil Uzi Vert That Way
40%
Goodbye & Good Riddance 6 Weeks #27 Juice WRLD ft. Lil Uzi Vert Wasted
40%
AstroWorld 5 Weeks #9 Travi$ Scott ft. Lil Uzi Vert & Kanye West Watch
40%
Lil Uzi Vert vs. The World 2 2 Weeks #14 Lil Uzi Vert & 21 Savage Yessirskiii
40%
My Turn 3 Weeks #12 Lil Baby ft. Lil Uzi Vert Commercial
30%
The Perfect LUV Tape 1 Week #50 Lil Uzi Vert Erase Your Social
30%
IF YOU KNOW YOU KNOW* 7 Weeks #34 Internet Money, Don Toliver & Lil Uzi Vert ft. Gunna His & Hers
30%
Trip at Knight 4 Weeks #17 Trippie Redd ft. Lil Uzi Vert Holy Smokes
30%
LUV Is Rage 2 3 Weeks #38 Lil Uzi Vert ft. Pharrell Williams Neon Guts
30%
Non-Album Single 20 Weeks #12 Lil Uzi Vert Sanguine Paradise
30%
LUV Is Rage 2 2 Weeks #39 Lil Uzi Vert Two
30%
Eternal Atake 1 Week #25 Lil Uzi Vert Venetia
30%
LUV Is Rage 2 4 Weeks #30 Lil Uzi Vert 444+222
20%
Lil Uzi Vert vs. The World 2 2 Weeks #10 Lil Uzi Vert ft. Chief Keef Bean (Kobe)
20%
Eternal Atake 1 Week #31 Lil Uzi Vert Bust Me
20%
Eternal Atake 1 Week #21 Lil Uzi Vert Celebration Station
20%
Virgo World 1 Week #26 Lil Tecca ft. Lil Uzi Vert Dolly
20%
Harder Than Ever 6 Weeks #36 Lil Baby ft. Gunna & Lil Uzi Vert Life Goes On
20%
Non-Album Single 7 Weeks #14 Lil Uzi Vert New Patek
20%
Pluto x Baby Pluto 1 Week #41 Lil Uzi Vert & Future Over Your Head
20%
Pluto x Baby Pluto 1 Week #43 Lil Uzi Vert & Future Patek
20%
Eternal Atake 1 Week #16 Lil Uzi Vert Prices
20%
Non-Album Single 1 Week #29 Lil Uzi Vert Sasuke
20%
LUV Is Rage 2 17 Weeks #21 Lil Uzi Vert Sauce It Up
20%
Eternal Atake 1 Week #44 Lil Uzi Vert Secure the Bag
20%
Lil Uzi Vert vs. The World 2 1 Week #34 Lil Uzi Vert ft. Young Thug & Gunna Strawberry Peels
20%
Pluto x Baby Pluto 1 Week #13 Future & Lil Uzi Vert Stripes Like Burberry
20%
Non-Album Single 5 Weeks #27 Lil Uzi Vert That's a Rack
20%
Project E.T. 22 Weeks #21 DJ Esco ft. Future & Lil Uzi Vert Too Much Sauce
20%
LUV Is Rage 2 1 Week #42 Lil Uzi Vert ft. The Weeknd UnFazed
20%
Eternal Atake 1 Week #47 Lil Uzi Vert ft. Syd Urgency
20%
Reckless 12 Weeks #27 NAV ft. Lil Uzi Vert Wanted You
20%
So Much Fun 2 Weeks #21 Young Thug ft. Lil Uzi Vert What's The Move
20%
Lil Uzi Vert vs. The World 31 Weeks #16 Lil Uzi Vert You Was Right
20%
High Off Life 1 Week #21 Future ft. Lil Uzi Vert All Bad
10%
Eternal Atake 1 Week #20 Lil Uzi Vert Bigger Than Life
10%
Expensive Pain 2 Weeks #29 Meek Mill ft. Lil Uzi Vert Blue Notes II
10%
Eternal Atake 1 Week #29 Lil Uzi Vert Chrome Heart Tags
10%
Red & White 1 Week #50 Lil Uzi Vert Cigarette
10%
Lil Uzi Vert vs. The World 2 1 Week #47 Lil Uzi Vert Come This Way
10%
LUV Is Rage 2 4 Weeks #38 Lil Uzi Vert Dark Queen
10%
Demons Protected by Angels 1 Week #39 NAV & Lil Uzi Vert Dead Shot
10%
Red & White 2 Weeks #35 Lil Uzi Vert For Fun
10%
LUV Is Rage 2 1 Week #41 Lil Uzi Vert For Real
10%
The Fate of the Furious: The Album 1 Week #39 Lil Uzi Vert, Quavo & Travi$ Scott Go Off
10%
Lil Uzi Vert vs. The World 2 1 Week #49 Lil Uzi Vert ft. Young Thug Got the Guap
10%
Lil Uzi Vert vs. The World 2 1 Week #37 Lil Uzi Vert I Can Show You
10%
Eternal Atake 1 Week #24 Lil Uzi Vert I'm Sorry
10%
Lil Uzi Vert vs. The World 2 1 Week #39 Lil Uzi Vert ft. NAV Leaders
10%
Lil Uzi Vert vs. The World 2 1 Week #24 Lil Uzi Vert Lotus
10%
Just a Matter of Slime 1 Week #25 YNW Melly ft. Lil Uzi Vert Mind of Melvin
10%
Lil Uzi Vert vs. The World 2 1 Week #50 Lil Uzi Vert ft. Young Nudy Money Spread
10%
Lil Uzi Vert vs. The World 2 1 Week #36 Lil Uzi Vert Moon Relate
10%
Lil Uzi Vert vs. The World 2 1 Week #42 Lil Uzi Vert ft. Lil Durk No Auto
10%
LUV Is Rage 2 1 Week #45 Lil Uzi Vert No Sleep Leak
10%
Slime Language 2 1 Week #27 Young Thug ft. Lil Uzi Vert & Young Kayo Proud of You
10%
Pluto x Baby Pluto 1 Week #17 Future & Lil Uzi Vert Real Baby Pluto
10%
Artist 2.0 2 Weeks #22 A Boogie wit da Hoodie ft. Lil Uzi Vert Reply
10%
Red & White 1 Week #31 Lil Uzi Vert Space Cadet
10%
Pluto x Baby Pluto 3 Weeks #14 Future & Lil Uzi Vert That's It
10%
Lil Uzi Vert vs. The World 2 1 Week #31 Lil Uzi Vert ft. Future Wassup
10%
Eternal Atake 1 Week #23 Lil Uzi Vert You Better Move
10%
2 Alivë 1 Week #47 Yeat ft. Lil Uzi Vert 3G
0%
The Melodic Blue (Deluxe) 1 Week #46 Baby Keem ft. Lil Uzi Vert bank account
0%
2 Alivë 1 Week #44 Yeat ft. Lil Uzi Vert Big Tonka
0%
Pluto x Baby Pluto 1 Week #43 Future & Lil Uzi Vert Bought a Bad Bitch
0%
The Pink Tape 1 Week #18 Lil Uzi Vert Demon High
0%
The House Is Burning 1 Week #33 Isaiah Rashad ft. Lil Uzi Vert From the Garden
0%
DC4 2 Weeks #28 Meek Mill ft. Lil Uzi Vert & Nicki Minaj Froze
0%
Wins & Losses 1 Week #40 Meek Mill ft. Lil Uzi Vert Fuck That Check Up
0%
Pluto x Baby Pluto 1 Week #47 Lil Uzi Vert Lullaby
0%
Pluto x Baby Pluto 1 Week #23 Future & Lil Uzi Vert Marni on Me
0%
Pluto x Baby Pluto 1 Week #25 Future & Lil Uzi Vert Million Dollar Play
0%
Pluto x Baby Pluto 1 Week #36 Future & Lil Uzi Vert Plastic
0%
Non-Album Single 1 Week #49 Wiz Khalifa ft. Lil Uzi Vert Pull Up
0%
WUNNA (Deluxe Edition) 1 Week #44 Gunna ft. Lil Uzi Vert Relentless
0%
Pluto x Baby Pluto 1 Week #49 Future & Lil Uzi Vert She Never Been to Pluto
0%
Pluto x Baby Pluto 1 Week #26 Future & Lil Uzi Vert Sleeping on the Floor
0%
Good Intentions 1 Week #47 NAV ft. Lil Uzi Vert Status
0%
Lil Uzi Vert vs. The World 2 1 Week #38 Lil Uzi Vert Trap This Way (This Way)
0%
Non-Album Single 1 Week #42 Lil Uzi Vert Watch This (ARIZONATERS Pluggnb Remix)
0%
No matching quizzes found
Score Distribution
Percent of People with Each Score
Percentile by Number Answered
Your Score History
You have not taken this quiz since the last reset